000 00740nam a22002417a 4500
001 BR8007151
003 BR-BrBNA
005 20230928090827.0
007 ta
008 230509b bl.||||| |||| 00| 0 por d
040 _aBR-BrBNA
_bpor
_cBiblioteca Nacional de Agricultura
041 _a(Por)
072 _aF00
_b/G514
090 _ F00 BR8007151
110 1 _aSecretaria de Estado da Agricultura, Aracaju, SE (Brasil)
_98793
245 1 _aRelatorio anual 1979. Pesquisas - Fruticultura tropical [Secretaria de Estado da Agricultura, Sergipe, Brasil]
260 3 _aAracaju, SE (Brasil):
_c1980.
300 _a25 p.
650 _aPRODUCAO VEGETAL
650 _aFRUTA TROPICAL
909 _a202309
_bLucia
_c55
_dLucia Elande
942 _cBK
999 _c30763
_d30763